MDQL
is popping MORE tags! Check the
thread
!
Quizzes
Events
Quiz Creation
Community
Videos
Private Events
Remove Ads
Sign In
Join for FREE
Feedback
Dark Mode
Quiz Categories
Sports
Geography
Music
Movies
Television
Just For Fun
Miscellaneous
History
Literature
Language
Science
Gaming
Entertainment
Religion
Holiday
For Kids
Quiz Lab
Recent
Popular Today
Quiz Kudos Today
Editor Picks
Curator Picks
Quizzes by...
Day
Popularity
Type
Ratings
Length
Year
Community
Subscriptions
Recent Discussions
Orange Saloon
Badges
Playlists
Quests
Create
Leaderboards
Showdown
Live 5
Trivia Bingo
Activity
Puzzle Library
Sporcle Events
Private Events
Virtual Trivia
Globe League
Become a Host
Pub Owners
SporcleCon
Opinionation
Our Games
Videos
Blog
Mobile Apps
Partnerships
Remove Ads and Go Orange
Feedback
Music
Pop Music
The Beatles
Song
Album
Lyrics
Bands
Singers
Artist
Clip
Rock
Rap
Classical
Billboard
Country Music
Kpop
Taylor Swift
Music
Pop Music
The Beatles
Song
Album
Lyrics
Bands
Singers
Artist
Clip
Rock
Rap
Classical
Billboard
Country Music
Kpop
Taylor Swift
Random Quiz
Search Sporcle
×
Quiz Lab
Quiz Lab
Music
Bands
Type in answers that appear in a list
Type in answers that appear in a list
Classic
Best Score? Go Orange.
Brits Aren't Boring! Stats
Can you name the British artists with letters missing ?
By
peemitch12
5m
40 Questions
176 Plays
176 Plays
176 Plays
Comments
Comments
Give Quiz Kudos
Give Quiz Kudos
-
- Ratings
hide this ad
Random Order
Randomize order of answers
Randomize order of answers
Replay
Link that replays current quiz
Next Quiz
Link to next quiz in quiz playlist
You Got
0%
They Got
Avg Score
57%
Avg Friend Score
Upgrade to see
Score Distribution
Jump to the score distribution portion of the page
Score
0/40
Timer
05:00
0
Plays Today
Letters
Artist
% Correct
_
_
e /
B _
_
t l _
s
The Beatles
92.6%
Q _
_
e n
Queen
92.6%
_
l a _
_
/
S _
b b _
t h
Black Sabbath
88.6%
D _
v _
d /
_
o _
i e
David Bowie
85.2%
_
h_
/
K_
n k _
The Kinks
84.1%
_
l _
o n /
J _
h _
Elton John
83.5%
_
_
p p _
/
M _
_
d _
y s
Happy Mondays
81.3%
_
_
e /
S_
_
/
P_
s_
o l_
The Sex Pistols
74.4%
T_
_
/
C l a _
_
The Clash
72.7%
_
h e /
B _
z _
c _
c _
s
The Buzzcocks
72.2%
_
r _
_
i c /
_
o _
k _
y s
Arctic Monkeys
71.6%
_
l _
r
Blur
68.2%
_
h e /
_
i b _
r t _
_
_
s
The Libertines
65.9%
_
h _
/
R _
_
_
i _
g /
_
_
o _
e s
The Rolling Stones
65.3%
_
-
/
_
e x
T- Rex
64.8%
_
e n _
s _
s
Genesis
64.8%
T _
e /
_
h _
The Who
64.2%
R _
d i _
_
_
_
d
Radiohead
64.2%
_
r _
c /
C _
_
p t _
n
Eric Clapton
63.6%
_
_
e /
Z _
_
b _
e s
The Zombies
58.5%
Letters
Artist
% Correct
_
h _
/
S _
_
c _
a l s
The Specials
58%
T _
e /
S _
_
n e /
_
o _
e s
The Stone Roses
58%
_
u _
p
Pulp
58%
T _
_
/
C _
r _
The Cure
54.5%
_
d _
l _
Adele
54%
A _
y /
_
i _
e _
_
u _
e
Amy Winehouse
50.6%
_
o y /
_
_
v i _
i _
n
Joy Division
48.3%
_
a _
/
M _
r r _
_
o n
Van Morrison
48.3%
_
_
v _
s /
_
_
s t _
_
l o
Elvis Costello
45.5%
_
i _
k /
F _
_
y _
Pink Floyd
45.5%
_
_
r a _
/
D _
_
_
n
Duran Duran
39.8%
_
l _
_
t w _
_
d /
_
a _
Fleetwood Mac
38.6%
O _
_
/
_
i _
e _
_
i _
n
One Direction
37.5%
_
h e /
S _
_
t _
s
The Smiths
33.5%
_
a _
i _
Oasis
32.4%
_
r _
n /
M _
i _
e _
Iron Maiden
25%
_
i l _
/
A _
l e _
Lily Allen
23.3%
_
e_
/
_
_
p_
_
l_
_
Led Zeppelin
21%
_
a _
e _
/
M _
_
r i _
o _
James Morrison
19.9%
K _
_
e /
_
u _
_
Kate Bush
14.2%
Quiz Playlist
Details
Report
Send in Message
Add To Playlist
Classic:
Type in answers that appear in a list
Random Order:
Randomize order of answers
Last Updated: Feb 16, 2017
Quiz Scoreboard
CHALLENGE
Sign Up to Join the Scoreboard
Show All
Scores
Hide
Comments
May contain spoilers
Recently Published
Image Sorting: Flags VI
by Barbecue
Geography
2m
Find the 'City' Movie
by crazypaving
Movies
60s
5x2 Blitz: Bands
by SL_Kpop136
Music
30s
More to Explore
Quiz From the Vault
Featured Blog Post
14 Easter Pick-up Lines to Find Eggs With
hide this ad
You Might Also Like...
Tags
Artist Quiz
Bands Quiz
Rock Quiz
United Kingdom Quiz
brit
britain
British
England
Great Britain
Rock Band
UK
Today's Top Quizzes in Music
Browse Music
hide this ad
Today's Top Quizzes in Bands
Browse Bands
Top Contributed Quizzes in Music
1
5X2 Blitz: Bands II
2
5X2 Blitz: The Beatles
3
Taylor Swift All Songs (2024)
4
5X2 Blitz: Billboard
5
5X2 Blitz: Billboard II
6
5X2 Blitz: Album
7
Taylor Swift Logic Puzzle II
8
5X2 Blitz: Singers
9
5X2 Blitz: Rock
10
5X2 Blitz: Lyrics
Explore More
Trending Topics
Anime
Crossword
Kpop
Harry Potter
NBA
Disney
Marvel
Puzzle
The Office
Country
NFL
WWE
Pokémon
Song
Soccer
hide this ad
More By:
peemitch12
Quiz
Plays
Rating
Category
Featured
Created
Fandom General Knowledge
1,322
3.29
Movies
May 20, 2012
History - General Knowledge
927
1.20
History
Oct 1, 2012
The Hunger Games Trilogy Quiz
789
1.33
Movies
Apr 28, 2012
Sons of Anarchy Photoalbum
613
5.00
Television
Jun 15, 2017
Top 10 Biggest Countries in the World
609
2.50
Just For Fun
Oct 20, 2012
Go to Creator's Profile
Score Distribution
Quiz Creator Spotlight
peemitch12
Follow
Send a Message
Quizzes Created
-
Created Quiz Play Count
-
More By This Creator
Popular Quizzes Today
1
Colored Red Africa Blitz
2
Find the US States - No Outlines Minefield
3
Find the 'City' Movie
4
5x2 Blitz: Bands
5
The Countries of the World
6
Find the US States
7
Find the Countries of Europe - No Outlines Minefield
8
US States
More Music Quizzes
Song Lyric Collage
Editor's Pick
Trending Quizzes
Colored Red Europe Blitz I
Colored Red Europe Blitz II
Colored Red Africa Blitz II
Colored Red Europe Blitz III
Colored Red Africa Blitz III
Recently Updated
How Do You Spell That?
pecheneg
Godzilla Movies
pecheneg
Grab Bag: 4-10 Letters
pecheneg
2024 March Madness Bracket
pecheneg
Famous TV Couples
Peacemaker
Champions League XIs: Real Madrid
pecheneg
Largest US Cities 1790-2010
pecheneg
Rides in Walt Disney World
pecheneg
Most Oscar Losses (Acting)
pecheneg
Beyoncé Albums
pecheneg
Trending Topics
Harry Potter
Kpop
Marvel
Anime
NBA
Crossword
Disney
Puzzle
NFL
Soccer
The Office
Country
WWE
Pokémon
Song
Your Account Isn't Verified!
In order to create a playlist on Sporcle, you need to verify the email address you used during registration. Go to your
Sporcle Settings
to finish the process.
Report this User
Report this user for behavior that violates our
Community Guidelines
.
Details:
Send Report
Go to the Sporcle.com Mobile Site →
Comments